000 01048nam0a22002651 4500
001 rc\794729
005 20040301143708.3
035 _a(NLR Aleph) 006319691
090 _a7438725
_c7438725
100 _a20040301d1983 u |0rusy50 ca
101 0 _arus
102 _aRU
105 _ay |||||||||
200 1 _aКомпартия Белоруссии в борьбе за воплощение в жизнь решений XXVI съезда КПСС
210 _aМинск
_cО-во "Знание" БССР
_d1983
215 _a24 с.
_d19
225 1 _aМатериал в помощь лектору
_fПравл. О-ва "Знание" БССР, Науч.-метод. совет по пропаганде ист. знаний
320 _aБиблиогр.: с. 22-24
700 1 _aЕфимчик
_bА. И.
_gАлександр Иванович
701 1 _aАлдакушин
_bГ. А.
_gГеннадий Андреевич
801 0 _aRU
_bNLR
_gpsbo
801 1 _aRU
_bELAR
_2rusmarc
852 _aNLR
_j84-4/7743
942 _cBOOK
980 _aNB